Livro

Virgilio o el segundo nacimiento de Roma

Na minha lista:
Detalhes bibliográficos
Autor principal: Grimal, Pierre
Formato: Livro
Idioma:espanhol
Publicado em: Buenos Aires : Eudeba, 1987
coleção:Temas
Assuntos:

MARC

LEADER 00000nam#a2200000#a#4500
001 001150
005 20160721141910.0
008 950628s1987####ag##################spa#d
020 |a 9502303741 
040 |a AR-BeUNQ 
099 |a 35-G24 
100 1 |a Grimal, Pierre 
245 0 2 |a Virgilio o el segundo nacimiento de Roma  |c Pierre Grimal. 
260 |a Buenos Aires :  |b Eudeba,  |c 1987 
300 |a 220 p 
490 0 |a Temas 
650 7 |a LITERATURA (ARTE)  |2 spines 
650 7 |a HISTORIA ANTIGUA  |2 spines 
650 7 |a BIOGRAFIAS  |2 spines 
929 |a COMPRA  |b Eudeba  |c Exp. 827-0207/95  |d 8,40  |e 1995  |j 11532 
942 |c LIB  |n 0 
999 |c 3951  |d 79338